[Event "4NCL/Div3/OXF1 vs. PPA2"]
[Site "Telford ENG"]
[Date "2005.05.29"]
[Round "10.3"]
[White "Madsen, Dag"]
[Black "Winfridsson, Ola"]
[Result "1/2-1/2"]
[WhiteElo "2292"]
[BlackElo "2080"]
[PlyCount "83"]
[EventDate "2005.05.29"]
[EventType "team"]
[EventRounds "11"]
[EventCountry "ENG"]
[SourceDate "2004.09.21"]

1. Nf3 e6 2. c4 Nf6 3. g3 a6 4. Bg2 b5 5. b3 Bb7 6. O-O c5 7. Bb2 Be7 8. Qc2 d6
9. d3 O-O 10. e4 Nc6 11. Nbd2 Qb6 12. Rfe1 Rfd8 13. Rad1 Rac8 14. Qb1 a5 15.
Nf1 Ba6 16. Ne3 Nd4 17. Qa1 e5 18. Nxd4 cxd4 19. Nf5 Bf8 20. Bc1 h6 21. f4 a4
22. Bh3 Ra8 23. Qb2 axb3 24. axb3 bxc4 25. bxc4 Qxb2 26. Bxb2 Bc8 27. Kg2 Ra2
28. Re2 g6 29. Nh4 Bg4 30. Nf3 Rb8 31. Rdd2 Rb3 32. Rf2 Bxh3+ {=} 33. Kxh3 Nd7
34. fxe5 dxe5 35. Bxd4 Rxd2 36. Nxd2 Rxd3 37. Bb2 Bc5 38. Re2 Bb4 39. Nf1 f6
40. Ne3 Kf7 41. Nd5 Bc5 42. Rc2 1/2-1/2

[Event "4NCL/Div3/OXF1 vs. PPA2"]
[Site "Telford ENG"]
[Date "2005.05.29"]
[Round "10.4"]
[White "Retallick, Lloyd"]
[Black "Savage, Ben D"]
[Result "1/2-1/2"]
[WhiteElo "2115"]
[BlackElo "2300"]
[PlyCount "63"]
[EventDate "2005.05.29"]
[EventType "team"]
[EventRounds "11"]
[EventCountry "ENG"]
[SourceDate "2004.09.21"]

1. d4 d5 2. c4 dxc4 3. Nc3 Nf6 4. e3 e5 5. Bxc4 exd4 6. exd4 Be7 7. Nf3 O-O 8.
O-O Bg4 9. h3 Bh5 10. g4 Bg6 11. Ne5 c5 12. Be3 Nbd7 13. f4 cxd4 14. Bxd4 Nxe5
15. fxe5 Ne4 16. Rf4 Nxc3 17. bxc3 Qc7 18. Qb3 Kh8 19. Raf1 Bg5 20. R4f3 f6 21.
Bd5 Rfd8 22. exf6 Bxf6 23. Bxf6 gxf6 24. c4 Qe5 25. Qe3 Rac8 26. Qf4 b5 27. Re3
Qxf4 28. Rxf4 bxc4 29. Bxc4 Rc7 {=} 30. Bb3 Rd6 31. Kf2 Kg7 32. Kg3 1/2-1/2

[Event "4NCL/Div3/OXF1 vs. PPA2"]
[Site "Telford ENG"]
[Date "2005.05.29"]
[Round "10.5"]
[White "Shaw, David A"]
[Black "Bailey, Kevin"]
[Result "1-0"]
[WhiteElo "2197"]
[BlackElo "2135"]
[PlyCount "47"]
[EventDate "2005.05.29"]
[EventType "team"]
[EventRounds "11"]
[EventCountry "ENG"]
[SourceDate "2004.09.21"]

1. e4 e5 2. Nf3 Nc6 3. Bc4 Nf6 4. Ng5 d5 5. exd5 Na5 6. Bb5+ c6 7. dxc6 bxc6 8.
Be2 h6 9. Nf3 e4 10. Ne5 Bc5 11. O-O Qd6 12. Ng4 Bxg4 13. Bxg4 h5 14. Bh3 g5
15. d4 Rd8 16. Bxg5 Bxd4 17. Nc3 Qe5 18. Bxf6 Qxf6 19. Nxe4 Bxf2+ 20. Kh1 Qe7
21. Qf3 Bd4 22. Rae1 Kf8 23. Ng5 Qxg5 24. Qxf7# 1-0

[Event "4NCL/Div3/OXF1 vs. PPA2"]
[Site "Telford ENG"]
[Date "2005.05.29"]
[Round "10.6"]
[White "Sirisena, Chantal"]
[Black "Starkie, Ray"]
[Result "1/2-1/2"]
[WhiteElo "1927"]
[BlackElo "2090"]
[PlyCount "97"]
[EventDate "2005.05.29"]
[EventType "team"]
[EventRounds "11"]
[EventCountry "ENG"]
[SourceDate "2004.09.21"]

1. e4 c5 2. Nc3 Nc6 3. g3 g6 4. d3 Bg7 5. Bg2 d6 6. Be3 e6 7. Qd2 Rb8 8. Nge2
Qa5 9. O-O Nd4 10. Nc1 b5 11. f4 Ne7 12. Qf2 b4 13. Nd1 O-O 14. e5 dxe5 15.
fxe5 Nef5 16. Bf4 Qb6 17. g4 Ne7 18. Be3 Bb7 19. Bxb7 Qxb7 20. c3 bxc3 21. bxc3
Ndc6 22. Bxc5 Nxe5 23. h3 f5 24. g5 Rbd8 25. d4 Nf7 26. Qg2 Rd7 27. Qxb7 Rxb7
28. h4 Rd8 29. Re1 e5 30. Nd3 Nc6 31. Nxe5 Ncxe5 32. dxe5 Nxe5 33. Re3 f4 34.
Re4 Nf3+ 35. Kf2 Nxh4 36. Rxf4 Nf5 37. Ke2 Rbd7 38. Bb4 Rd2+ 39. Ke1 Be5 40.
Rf3 Rg2 41. Kf1 Rgd2 42. Ke1 Bg3+ 43. Nf2 Rc2 44. Kf1 Re8 45. Ng4 Ree2 46. Nh6+
Nxh6 47. gxh6 Rf2+ 48. Rxf2 Rxf2+ 49. Kg1 1/2-1/2

[Event "4NCL/Div3/OXF1 vs. PPA2"]
[Site "Telford ENG"]
[Date "2005.05.29"]
[Round "10.7"]
[White "Milovanovic, Aleksander"]
[Black "Donaghay, Richard H"]
[Result "1-0"]
[WhiteElo "2155"]
[BlackElo "1970"]
[PlyCount "67"]
[EventDate "2005.05.29"]
[EventType "team"]
[EventRounds "11"]
[EventCountry "ENG"]
[SourceDate "2004.09.21"]

1. d4 d6 2. Nf3 Bg4 3. e4 Nd7 4. Be2 c5 5. d5 g6 6. c4 Bg7 7. Nc3 Ngf6 8. Be3
Bxf3 9. Bxf3 O-O 10. O-O a6 11. Be2 Rb8 12. a4 Qc7 13. Qd2 Rfe8 14. g4 Nf8 15.
g5 N6d7 16. f4 e6 17. Rad1 Qb6 18. Bd3 Rbd8 19. Rf2 f5 20. dxe6 Rxe6 21. exf5
Rxe3 22. Qxe3 Bd4 23. Qd2 Re8 24. Kg2 Bxf2 25. Kxf2 Qd8 26. Nd5 Kf7 27. Qc3 h6
28. Qh8 gxf5 29. Bxf5 hxg5 30. Qh5+ Kg7 31. Rg1 Ne6 32. Bxe6 Rxe6 33. Rxg5+ Kf8
34. Qh8+ 1-0

[Event "4NCL/Div3/OXF1 vs. PPA2"]
[Site "Telford ENG"]
[Date "2005.05.29"]
[Round "10.8"]
[White "Ribbands, Patrick C"]
[Black "Smith, Katherine"]
[Result "1-0"]
[WhiteElo "1945"]
[BlackElo "1750"]
[PlyCount "57"]
[EventDate "2005.05.29"]
[EventType "team"]
[EventRounds "11"]
[EventCountry "ENG"]
[SourceDate "2004.09.21"]

1. c4 d6 2. Nc3 Nf6 3. g3 g6 4. Bg2 Bg7 5. d3 O-O 6. e4 Re8 7. Nge2 e5 8. O-O
Na6 9. h3 b6 10. Be3 Bd7 11. Qd2 Qc8 12. Kh2 c5 13. f4 Qd8 14. Rf2 Nb4 15. Raf1
Rf8 16. a3 Nc6 17. fxe5 Nxe5 18. Kh1 Ne8 19. b3 f6 20. d4 Nf7 21. Nd5 Ng5 22.
Nxf6+ Bxf6 23. Bxg5 Bxg5 24. Rxf8+ Kg7 25. R1f7+ Kh6 26. Nf4 Qc8 27. h4 Bxf4
28. Qxf4+ Kh5 29. Qg5# 1-0

[Event "4NCL/Div3/AD2 vs. 3CS2"]
[Site "Telford ENG"]
[Date "2005.05.29"]
[Round "10.1"]
[White "Wheeler, Darren P"]
[Black "Adams, Phil"]
[Result "1/2-1/2"]
[WhiteElo "2239"]
[BlackElo "2120"]
[PlyCount "28"]
[EventDate "2005.05.29"]
[EventType "team"]
[EventRounds "11"]
[EventCountry "ENG"]
[SourceDate "2004.09.21"]

1. e4 g6 2. f4 d5 3. e5 c5 4. d4 cxd4 5. Qxd4 Nc6 6. Bb5 e6 7. Nf3 Bd7 8. Bxc6
bxc6 9. c4 c5 10. Qd3 Ne7 11. b3 d4 12. Nbd2 Nc6 13. Ne4 Be7 14. Bd2 a5 1/2-1/2

[Event "4NCL/Div3/AD2 vs. 3CS2"]
[Site "Telford ENG"]
[Date "2005.05.29"]
[Round "10.2"]
[White "Burton, Graham P"]
[Black "Anderton, David"]
[Result "1/2-1/2"]
[WhiteElo "2110"]
[BlackElo "2248"]
[PlyCount "58"]
[EventDate "2005.05.29"]
[EventType "team"]
[EventRounds "11"]
[EventCountry "ENG"]
[SourceDate "2004.09.21"]

1. e4 e6 2. d4 d5 3. e5 c5 4. c3 Nc6 5. Nf3 Nh6 6. Be3 Nf5 7. Qd2 cxd4 8. cxd4
Bb4 9. Nc3 O-O 10. Bd3 f6 11. Bxf5 exf5 12. O-O g5 13. exf6 f4 14. Qc2 Rxf6 15.
Bd2 Rh6 16. Rfe1 Be6 17. Qd3 Qf6 18. Ne5 Rf8 19. Nxc6 bxc6 20. Nxd5 Bxd5 21.
Bxb4 Rf7 22. Re8+ Kg7 23. Rae1 f3 24. Be7 Qf4 25. g3 Qg4 26. Qe3 Re6 27. Qxg5+
Qxg5 28. Bxg5 Rxe8 29. Rxe8 Bxa2 1/2-1/2

[Event "4NCL/Div3/AD2 vs. 3CS2"]
[Site "Telford ENG"]
[Date "2005.05.29"]
[Round "10.3"]
[White "Wallace, Paul"]
[Black "Firth, Malcolm"]
[Result "1-0"]
[WhiteElo "2172"]
[BlackElo "2130"]
[PlyCount "77"]
[EventDate "2005.05.29"]
[EventType "team"]
[EventRounds "11"]
[EventCountry "ENG"]
[SourceDate "2004.09.21"]

1. e4 e6 2. d4 d5 3. Nd2 dxe4 4. Nxe4 Nd7 5. Nf3 Ngf6 6. Nxf6+ Nxf6 7. Be2 a6
8. O-O Be7 9. Ne5 c5 10. dxc5 Qxd1 11. Rxd1 Bxc5 12. Bf3 Ke7 13. c4 a5 14. b3
Ra6 15. Nd3 Nd7 16. Nxc5 Nxc5 17. Be3 Nd7 18. c5 Ne5 19. Be2 Ra8 20. Bd4 Nc6
21. Bxg7 Rg8 22. Bc3 Rg5 23. Rac1 e5 24. Rd6 Be6 25. g3 e4 26. Bd4 a4 27. Be3
Rgg8 28. Bc4 axb3 29. axb3 Bxc4 30. Rxc4 f5 31. Rh6 Rg7 32. Kg2 Ra2 33. Bf4 Rf7
34. Ra4 Rb2 35. Ra8 Rxb3 36. Bg5+ Kd7 37. Rd6+ Kc7 38. Bf4 Rf3 39. Rf6+ 1-0

[Event "4NCL/Div3/AD2 vs. 3CS2"]
[Site "Telford ENG"]
[Date "2005.05.29"]
[Round "10.4"]
[White "Hickman, Alexander"]
[Black "Westwood, Richard D"]
[Result "1-0"]
[WhiteElo "2099"]
[BlackElo "2093"]
[PlyCount "97"]
[EventDate "2005.05.29"]
[EventType "team"]
[EventRounds "11"]
[EventCountry "ENG"]
[SourceDate "2004.09.21"]

1. d4 Nf6 2. c4 d6 3. Nc3 Nbd7 4. e4 e5 5. Nf3 Be7 6. Be2 O-O 7. O-O c6 8. h3
Qc7 9. Be3 Re8 10. Qc2 Bf8 11. d5 c5 12. Nd2 g6 13. a3 a6 14. b4 b6 15. Nb3 Bg7
16. bxc5 bxc5 17. Na4 Nb6 18. Nxb6 Qxb6 19. Rab1 Qc7 20. Bd3 Rf8 21. Qd2 Ne8
22. Na5 f5 23. f3 f4 24. Bf2 g5 25. Rb2 Qf7 26. Rfb1 Qh5 27. Kf1 Bxh3 28. gxh3
Qxh3+ 29. Ke1 Qxf3 30. Qe2 Qh1+ 31. Kd2 Qh6 32. Nc6 Bf6 33. Rb7 Qg6 34. Rh1 Ng7
35. Qg4 h5 36. Rxg7+ Kxg7 37. Rxh5 Rh8 38. Rxh8 Rxh8 39. Qd7+ Qf7 40. Qxd6 Rh2
41. Qxc5 g4 42. Kc3 g3 43. Bg1 f3 44. Qe3 Qh5 45. d6 f2 46. Qxg3+ Kf7 47. Bxh2
Qd1 48. Qxf2 Qc1+ 49. Kb3 1-0

[Event "4NCL/Div3/AD2 vs. 3CS2"]
[Site "Telford ENG"]
[Date "2005.05.29"]
[Round "10.5"]
[White "Peddar, Stephane S G"]
[Black "Lysons, John"]
[Result "1-0"]
[WhiteElo "1940"]
[BlackElo "1960"]
[PlyCount "105"]
[EventDate "2005.05.29"]
[EventType "team"]
[EventRounds "11"]
[EventCountry "ENG"]
[SourceDate "2004.09.21"]

1. d4 d5 2. c4 c6 3. Nc3 dxc4 4. a4 Nf6 5. e3 Bf5 6. Bxc4 e6 7. Bd2 Nbd7 8. Nf3
Be7 9. h3 O-O 10. O-O Qc7 11. b3 Rad8 12. Rc1 Ba3 13. Ra1 Be7 14. Rc1 a6 15.
Be2 h6 16. Qe1 Qb6 17. Bc4 c5 18. Ne2 Be4 19. Ba5 Qa7 20. Bxd8 Rxd8 21. Nd2 Bh7
22. Ra1 cxd4 23. Nxd4 Ne5 24. Qc1 Nd3 25. Bxd3 Bxd3 26. Rd1 Bg6 27. N2f3 Nd5
28. Ne5 Bh7 29. Qb2 Qb8 30. Ng4 Bd6 31. Nf3 Be4 32. Nd2 Bf5 33. Nc4 Bc7 34.
Rac1 b5 35. axb5 axb5 36. Nce5 Rd6 37. Nc6 Qb7 38. Nge5 f6 39. Rxd5 Rxd5 40.
Ne7+ Kf8 41. Nxd5 Bxe5 42. Qa3+ Kf7 43. Nf4 Qd7 44. Qc5 Bb2 45. Qc7 e5 46.
Qxd7+ Bxd7 47. Rc7 Ke7 48. Nh5 e4 49. Nxg7 Be5 50. Rc2 f5 51. Nh5 Be6 52. Rc5
Kd6 53. Rxb5 1-0

[Event "4NCL/Div3/AD2 vs. 3CS2"]
[Site "Telford ENG"]
[Date "2005.05.29"]
[Round "10.6"]
[White "Glover, Richard"]
[Black "Pohribnyj, Chris"]
[Result "1/2-1/2"]
[WhiteElo "1940"]
[BlackElo "1972"]
[PlyCount "43"]
[EventDate "2005.05.29"]
[EventType "team"]
[EventRounds "11"]
[EventCountry "ENG"]
[SourceDate "2004.09.21"]

1. e4 c5 2. Nf3 d6 3. Bb5+ Bd7 4. Bxd7+ Qxd7 5. O-O Nc6 6. Nc3 Nf6 7. d3 e6 8.
Be3 Be7 9. h3 O-O 10. Nh2 d5 11. Bf4 dxe4 12. dxe4 Rfd8 13. Nf3 Nd4 14. Re1 Qe8
15. Nxd4 Rxd4 16. Qe2 Qc6 17. Rad1 Rad8 18. Bg3 a6 19. Rxd4 Rxd4 20. Be5 Rd8
21. Bg3 b5 22. Rd1 1/2-1/2

[Event "4NCL/Div3/AD2 vs. 3CS2"]
[Site "Telford ENG"]
[Date "2005.05.29"]
[Round "10.7"]
[White "Wilcox, Steven R"]
[Black "Compston, Michael"]
[Result "0-1"]
[WhiteElo "1920"]
[BlackElo "1835"]
[PlyCount "134"]
[EventDate "2005.05.29"]
[EventType "team"]
[EventRounds "11"]
[EventCountry "ENG"]
[SourceDate "2004.09.21"]

1. e4 d5 2. exd5 Qxd5 3. Nc3 Qa5 4. d4 c6 5. Bd2 Bf5 6. Nf3 e6 7. a3 Nd7 8. Ne2
Qc7 9. Ng3 Bg6 10. Bc4 Bd6 11. Nh4 Ne7 12. Nxg6 hxg6 13. Qf3 Bxg3 14. fxg3 Nf5
15. Rf1 Rxh2 16. Bf4 Qb6 17. g4 Nxd4 18. Qf2 Nf6 19. Bxh2 Qxb2 20. Bd3 Qxa1+
21. Kd2 Qxa3 22. Qxd4 Rd8 23. Qf4 Qa5+ 24. Ke2 Qd5 25. g5 Qxg2+ 26. Ke1 Rd7 27.
gxf6 gxf6 28. Rf2 Qh1+ 29. Ke2 f5 {=} 30. Bg3 e5 31. Qe3 e4 32. Rh2 Qa1 33. Bh4
Qe5 34. Bg3 {=} exd3+ 35. cxd3 Qxe3+ 36. Kxe3 Ke7 37. Bh4+ f6 38. Re2 Kf7 39.
Ra2 b6 40. d4 f4+ 41. Ke4 Re7+ 42. Kxf4 g5+ 43. Bxg5 fxg5+ 44. Kxg5 a5 45. Rf2+
Kg7 46. Rf6 Rc7 47. Rg6+ Kf7 48. Rh6 Ke7 49. Kf5 a4 50. Ke5 Kd7 51. d5 a3 52.
Rh3 cxd5 53. Rxa3 Rc5 54. Rb3 Kc6 55. Kd4 Rc4+ 56. Kd3 Kc5 57. Rb1 b5 58. Ra1
d4 59. Ra3 Ra4 60. Rb3 b4 61. Kc2 Kc4 62. Rh3 Ra2+ 63. Kb1 Rg2 64. Rh8 d3 65.
Rc8+ Kb3 66. Rc1 d2 67. Rd1 Re2 0-1

[Event "4NCL/Div3/PPA1 vs. GUI3"]
[Site "Telford ENG"]
[Date "2005.05.29"]
[Round "10.1"]
[White "Swanson, Stephen"]
[Black "Buckley, Graeme"]
[Result "1-0"]
[WhiteElo "2276"]
[BlackElo "2417"]
[PlyCount "97"]
[EventDate "2005.05.29"]
[EventType "team"]
[EventRounds "11"]
[EventCountry "ENG"]
[SourceDate "2004.09.21"]

1. e4 d5 2. exd5 Nf6 3. Nf3 Nxd5 4. d4 Bf5 5. Be2 e6 6. c4 Nb4 7. Na3 Be7 8.
O-O O-O 9. Be3 Nd7 10. h3 c5 11. Qd2 Qb6 12. Rfc1 Rad8 13. Nb5 a6 14. dxc5 Bxc5
15. Bxc5 Qxc5 16. a3 Nc2 17. b4 Qe7 18. Rxc2 Bxc2 19. Qxc2 axb5 20. c5 Qf6 21.
Rc1 Ne5 22. Nxe5 Qxe5 23. Bxb5 Rd4 24. Be2 Re4 25. Bf3 Re1+ 26. Rxe1 Qxe1+ 27.
Kh2 Qe5+ 28. g3 Qc7 29. a4 b6 30. c6 Rd8 31. b5 f5 32. Kg2 Kf7 33. Qc4 g6 34.
Qb3 Ra8 35. h4 Qe5 36. Qd3 Qc7 37. Bd1 Rd8 38. Qe2 Rd4 39. Bb3 Re4 40. Qd3 Ke7
41. Bc2 Re5 42. Qc3 Rd5 43. Qh8 Qe5 44. Qxh7+ Kf8 45. Qxg6 Rd4 46. Qh6+ Kg8 47.
Bb3 Re4 48. c7 Rc4 49. c8=Q+ 1-0

[Event "4NCL/Div3/PPA1 vs. GUI3"]
[Site "Telford ENG"]
[Date "2005.05.29"]
[Round "10.2"]
[White "Povah, Nigel E"]
[Black "Posazhennikov, Alex"]
[Result "1/2-1/2"]
[WhiteElo "2377"]
[BlackElo "2256"]
[PlyCount "55"]
[EventDate "2005.05.29"]
[EventType "team"]
[EventRounds "11"]
[EventCountry "ENG"]
[SourceDate "2004.09.21"]

1. d4 Nf6 2. Bg5 Ne4 3. Bf4 d5 4. e3 e6 5. f3 Nd6 6. Nd2 Nc6 7. c3 f6 8. e4 e5
9. Be3 Qe7 10. dxe5 Qxe5 11. f4 Qe7 12. Qh5+ g6 13. Qxd5 Bf5 14. O-O-O O-O-O
15. Ba6 Bxe4 16. Nxe4 Qxe4 17. Qxe4 Nxe4 18. Rxd8+ Nxd8 19. Bc4 Bc5 20. Bxc5
Nxc5 21. Nf3 Re8 22. g3 c6 23. Re1 Rxe1+ 24. Nxe1 Kd7 25. Kd2 Nde6 26. Nf3 Kd6
27. b4 Nd7 28. Bb3 1/2-1/2

[Event "4NCL/Div3/PPA1 vs. GUI3"]
[Site "Telford ENG"]
[Date "2005.05.29"]
[Round "10.3"]
[White "Moore, Gerald"]
[Black "Thompson, Ian D"]
[Result "0-1"]
[WhiteElo "2242"]
[BlackElo "2275"]
[PlyCount "62"]
[EventDate "2005.05.29"]
[EventType "team"]
[EventRounds "11"]
[EventCountry "ENG"]
[SourceDate "2004.09.21"]

1. Nf3 Nf6 2. c4 e6 3. g3 b6 4. Bg2 Bb7 5. O-O c5 6. Nc3 d6 7. Re1 a6 8. e4 Qc7
9. d4 cxd4 10. Nxd4 Nbd7 11. Be3 Be7 12. f4 h5 13. h3 O-O 14. Rc1 Rfe8 15. Nd5
exd5 16. cxd5 Qb8 17. Nc6 Bxc6 18. dxc6 Nc5 19. Bxc5 bxc5 20. e5 dxe5 21. fxe5
Nh7 22. Qxh5 g6 23. Qg4 Kg7 24. Rcd1 Ra7 25. Bd5 Bd8 26. Bc4 Rae7 27. Rd7 Rxd7
28. cxd7 Rxe5 29. Rf1 Re7 30. Qf3 Qe5 31. h4 Qd4+ 0-1

[Event "4NCL/Div3/PPA1 vs. GUI3"]
[Site "Telford ENG"]
[Date "2005.05.29"]
[Round "10.4"]
[White "Anderton, Matthew N"]
[Black "Rosen, Daniel B"]
[Result "1-0"]
[WhiteElo "2212"]
[BlackElo "2167"]
[PlyCount "61"]
[EventDate "2005.05.29"]
[EventType "team"]
[EventRounds "11"]
[EventCountry "ENG"]
[SourceDate "2004.09.21"]

1. e4 g6 2. d4 Bg7 3. Nc3 d6 4. Be3 c6 5. Qd2 Nd7 6. Nf3 Ngf6 7. Bh6 Bxh6 8.
Qxh6 e5 9. dxe5 dxe5 10. h3 Qe7 11. O-O-O b6 12. Nd2 Kd8 13. Nc4 Ne8 14. f4 f6
15. fxe5 fxe5 16. Be2 Kc7 17. Rhf1 Ba6 18. Rxd7+ Qxd7 19. Nxe5 Bxe2 20. Rf7
Qxf7 21. Nxf7 Rg8 22. Nxe2 Rg7 23. Qf4+ Kb7 24. e5 Rc8 25. Nd4 Rc7 26. Nd8+ Kc8
27. N4e6 Rgf7 28. Nxf7 Rd7 29. Nd6+ Nxd6 30. Qf8+ Kb7 31. exd6 1-0

[Event "4NCL/Div3/PPA1 vs. GUI3"]
[Site "Telford ENG"]
[Date "2005.05.29"]
[Round "10.5"]
[White "Dignam, Matthew"]
[Black "Jackson, Adrian"]
[Result "1/2-1/2"]
[WhiteElo "2171"]
[BlackElo "2226"]
[PlyCount "105"]
[EventDate "2005.05.29"]
[EventType "team"]
[EventRounds "11"]
[EventCountry "ENG"]
[SourceDate "2004.09.21"]

1. e4 c5 2. c3 d6 3. d4 Nf6 4. Bd3 Nc6 5. Ne2 e6 6. O-O Be7 7. Kh1 O-O 8. Bg5
Bd7 9. Nd2 Rc8 10. a3 a6 11. b4 cxd4 12. cxd4 Ng4 13. Bxe7 Qxe7 14. h3 Nf6 15.
Nc4 e5 16. Nb6 Rcd8 17. d5 Na7 18. a4 Nc8 19. Nc4 Nh5 20. Na5 Be8 21. Qd2 Nb6
22. b5 axb5 23. axb5 Rc8 24. Qe3 Na8 25. b6 Rb8 26. Nc4 Bb5 27. Ra7 Bxc4 28.
Bxc4 Nf6 29. Rb1 Nd7 30. Ra2 Rfc8 31. Bd3 Qd8 32. Rab2 Rc5 33. Rb4 Ndxb6 34.
Qd2 Nd7 35. Rxb7 Rxb7 36. Rxb7 Rc7 37. Rxc7 Qxc7 38. Bb5 Nc5 39. Bc6 Qa7 40.
Qg5 f6 41. Qg4 Nb6 42. Kh2 Qa2 43. f4 Qd2 44. fxe5 fxe5 45. Qh4 h6 46. Qd8+ Kh7
47. Bb5 Nbd7 48. Qe7 Nf6 49. Qxd6 Ncxe4 50. Qxe5 Qg5 51. Qe6 Nc5 52. Qd6 Qxd5
53. Qxd5 1/2-1/2

[Event "4NCL/Div3/PPA1 vs. GUI3"]
[Site "Telford ENG"]
[Date "2005.05.29"]
[Round "10.6"]
[White "Richardson, Keith B"]
[Black "Morgan, Ben"]
[Result "1-0"]
[WhiteElo "2222"]
[BlackElo "2239"]
[PlyCount "119"]
[EventDate "2005.05.29"]
[EventType "team"]
[EventRounds "11"]
[EventCountry "ENG"]
[SourceDate "2004.09.21"]

1. c4 b6 2. Nc3 e6 3. Nf3 Bb7 4. e4 Bb4 5. Bd3 Ne7 6. O-O O-O 7. a3 Bxc3 8.
dxc3 f5 9. Re1 fxe4 10. Bxe4 Bxe4 11. Rxe4 Nbc6 12. Bg5 Qe8 13. Qe2 Ng6 14. Rd1
Qf7 15. b4 Rfe8 16. Re1 a5 17. b5 Nd8 18. h4 Nb7 19. h5 Nf8 20. Ne5 Qf5 21. Bh4
Nc5 22. Re3 d6 23. Nc6 Qf7 24. Rf3 Qd7 25. Rg3 e5 26. Qf3 Nfe6 27. Ne7+ Kh8 28.
Nd5 Rf8 29. Qg4 Nf4 30. Qxd7 Nxd7 31. Nxc7 Rac8 32. Nd5 Nxh5 33. Rge3 Nhf6 34.
Bxf6 gxf6 35. Re4 f5 36. Rh4 e4 37. f3 Rxc4 38. fxe4 Re8 39. Rh6 fxe4 40. Rxd6
Nc5 41. Re3 Nd3 42. Nf6 Rf8 43. Nxe4 Nf4 44. Nf6 Kg7 45. Nd7 Rf5 46. Re7+ Kg8
47. Nf6+ Rxf6 48. Rxf6 Nd5 49. Re8+ Kg7 50. Rc6 Rg4 51. Rd8 Ne7 52. Rxb6 Ng6
53. Rb7+ Kh6 54. Rdd7 Kg5 55. Rxh7 Ra4 56. Rhg7 Kf6 57. Rbf7+ Ke6 58. Rf3 Ne5
59. Re3 Kd6 60. Rg5 1-0

[Event "4NCL/Div3/PPA1 vs. GUI3"]
[Site "Telford ENG"]
[Date "2005.05.29"]
[Round "10.7"]
[White "Byway, Paul"]
[Black "Granat, Russell G"]
[Result "0-1"]
[WhiteElo "2193"]
[BlackElo "2262"]
[PlyCount "68"]
[EventDate "2005.05.29"]
[EventType "team"]
[EventRounds "11"]
[EventCountry "ENG"]
[SourceDate "2004.09.21"]

1. d4 d5 2. Bf4 Bf5 3. e3 Nd7 4. Bd3 Bxd3 5. Qxd3 Ngf6 6. Nc3 a6 7. Nf3 e6 8.
O-O Bd6 9. Bxd6 cxd6 10. Rfe1 Rc8 11. e4 dxe4 12. Nxe4 Nxe4 13. Qxe4 Qc7 14. c4
O-O 15. b3 d5 16. Qb1 dxc4 17. bxc4 Qxc4 18. Qxb7 Rc7 19. Qb2 Rfc8 20. h3 h6
21. Rad1 Nf6 22. Ne5 Qa4 23. Qb3 Qa5 24. Nf3 Nd5 25. Rd2 Rc3 26. Qb7 R8c7 27.
Qb8+ Kh7 28. Qb1+ g6 29. Rb2 Nf4 30. Rb3 Rc2 31. g3 Nxh3+ 32. Kg2 Nxf2 33. Rb2
Rxb2 34. Qxb2 Nd3 0-1

[Event "4NCL/Div3/PPA1 vs. GUI3"]
[Site "Telford ENG"]
[Date "2005.05.29"]
[Round "10.8"]
[White "Lang, Heather"]
[Black "Djabri, Kathy"]
[Result "0-1"]
[WhiteElo "2068"]
[BlackElo "2003"]
[PlyCount "72"]
[EventDate "2005.05.29"]
[EventType "team"]
[EventRounds "11"]
[EventCountry "ENG"]
[SourceDate "2004.09.21"]

1. e4 c5 2. Nc3 Nc6 3. g3 g6 4. Bg2 Bg7 5. d3 d6 6. Be3 Rb8 7. Qd2 b5 8. Nge2
Nd4 9. O-O Qa5 10. f4 Bg4 11. Nc1 h5 12. h3 Bd7 13. Nb3 Qd8 14. e5 Nf5 15. Bf2
b4 16. Ne4 Ngh6 17. Rae1 O-O 18. d4 Bb5 19. dxc5 Bxf1 20. Bxf1 dxe5 21. Bd3 a5
22. c6 Qc7 23. fxe5 Bxe5 24. Nec5 Bxg3 25. Nd7 Bh2+ 26. Kf1 Bf4 27. Qd1 Qxc6
28. Nxb8 Rxb8 29. Be4 Qf6 30. Qf3 Nh4 31. Bxh4 Qxh4 32. Nd4 Bg3 33. Rd1 Qxh3+
34. Ke2 Qh2+ 35. Kd3 Ng4 36. Bxg6 Ne5+ 0-1

[Event "4NCL/Div3/FCA1 vs. CAMB1"]
[Site "Telford ENG"]
[Date "2005.05.29"]
[Round "10.1"]
[White "Fraser-Mitchell, Jeremy"]
[Black "Dearing, Eddie"]
[Result "1-0"]
[WhiteElo "2101"]
[BlackElo "2408"]
[PlyCount "105"]
[EventDate "2005.05.29"]
[EventType "team"]
[EventRounds "11"]
[EventCountry "ENG"]
[SourceDate "2004.09.21"]

1. d4 Nf6 2. c4 e6 3. Nc3 Bb4 4. f3 d5 5. a3 Bxc3+ 6. bxc3 c5 7. cxd5 Nxd5 8.
dxc5 Qa5 9. e4 Ne7 10. Be3 Nd7 11. Qb3 Qc7 12. Qb4 Nc6 13. Qa4 O-O 14. Nh3 Nce5
15. Qb4 b6 16. cxb6 axb6 17. Be2 Ba6 18. Bxa6 Rxa6 19. O-O Rc8 20. Nf2 Nc4 21.
Bc1 Rca8 22. Rd1 Qc6 23. Rxd7 Qxd7 24. Qxc4 e5 25. Bb2 Ra4 26. Qb3 Qc6 27. Rd1
Rc4 {=} 28. Rd5 Rc5 29. Nd3 Rxd5 30. Qxd5 Qxd5 31. exd5 f6 32. Kf2 Kf7 33. Ke3
Rc8 34. Nb4 Ke7 35. Kd3 b5 36. Bc1 Kd6 37. Be3 Ra8 38. Bc1 Rc8 39. a4 bxa4 40.
c4 f5 41. Ba3 Re8 42. Na6+ Kd7 43. c5 Ra8 44. c6+ Kc8 45. Nc5 Kc7 46. Ne6+ Kb6
47. Kc4 e4 48. fxe4 fxe4 49. Bc5+ Ka5 50. d6 a3 51. Bxa3 e3 52. d7 Kb6 53.
d8=Q+ 1-0

[Event "4NCL/Div3/FCA1 vs. CAMB1"]
[Site "Telford ENG"]
[Date "2005.05.29"]
[Round "10.2"]
[White "Moskovic, David M"]
[Black "Smith, Graham"]
[Result "1/2-1/2"]
[WhiteElo "2284"]
[BlackElo "2118"]
[PlyCount "74"]
[EventDate "2005.05.29"]
[EventType "team"]
[EventRounds "11"]
[EventCountry "ENG"]
[SourceDate "2004.09.21"]

1. e4 g6 2. d4 Bg7 3. f4 d6 4. Nf3 b6 5. c4 Bb7 6. Nc3 Nd7 7. Bd3 e6 8. O-O Ne7
9. Be3 h6 10. Qd2 f5 11. d5 exd5 12. exd5 c5 13. dxc6 Nxc6 14. Nb5 O-O 15. Nxd6
Qc7 16. Nb5 Qd8 17. Nd6 Qc7 18. Nxb7 Qxb7 19. Rad1 Rad8 20. Qf2 Nf6 21. h3 Rfe8
22. b3 Rd7 23. Rfe1 Red8 24. Bc2 Ne4 25. Rxd7 Qxd7 26. Bxe4 fxe4 27. Nd2 Bc3
28. Rd1 Qd3 29. Kh2 Nb4 30. Qg3 Kh7 31. Nxe4 Qxd1 32. Nxc3 Qd3 33. f5 Qxf5 34.
Bxh6 Rd3 35. Qh4 Qh5 36. Qe7+ Kxh6 37. Qf8+ Kh7 1/2-1/2

[Event "4NCL/Div3/FCA1 vs. CAMB1"]
[Site "Telford ENG"]
[Date "2005.05.29"]
[Round "10.3"]
[White "Freeman, Richard C P"]
[Black "Alfred, Nathan S W"]
[Result "1-0"]
[WhiteElo "2117"]
[BlackElo "2338"]
[PlyCount "77"]
[EventDate "2005.05.29"]
[EventType "team"]
[EventRounds "11"]
[EventCountry "ENG"]
[SourceDate "2004.09.21"]

1. d4 Nf6 2. Bg5 e6 3. e4 h6 4. Bxf6 Qxf6 5. Qd2 d6 6. Nc3 a6 7. f4 g5 8. Nh3
gxf4 9. Nxf4 Nc6 10. O-O-O h5 11. Kb1 Bg7 12. Be2 Qxd4 13. Nxh5 Be5 14. Qg5 Qc5
15. Rd3 Bd4 16. Qxc5 Bxc5 17. h4 b5 18. g4 Ne5 19. Rdh3 Bb7 20. Nf6+ Ke7 21. g5
Nd7 22. Nxd7 Kxd7 23. Bf3 Rag8 24. Ne2 Ke7 25. c3 Bb6 26. Bg2 c6 27. Rf1 d5 28.
exd5 cxd5 29. Nf4 Bc7 30. Nd3 Bd6 31. Nf2 f6 32. gxf6+ Kxf6 33. Ne4+ Ke7 34.
Ng5 Rf8 35. Rhf3 Rxf3 36. Rxf3 Rf8 37. Rxf8 Kxf8 38. Nxe6+ Kf7 39. Nd8+ 1-0